书目信息 |
| 题名: |
御制人臣儆心录译注清
|
|
| 作者: | 王永清 著 ;修晓波 译 | |
| 分册: | ||
| 出版信息: | 北京 中国方正出版社 1998.08 |
|
| 页数: | 60页 | |
| 开本: | 20cm | |
| 丛书名: | ||
| 单 册: | ||
| 中图分类: | D691.6 | |
| 科图分类: | ||
| 主题词: | 政治--中国 | |
| 电子资源: | ||
| ISBN: | 7-80107-253-7 | |
| 000 | 00647nam0 2200205 450 | |
| 001 | 0859026960 | |
| 005 | 20080527163247.64 | |
| 010 | @a7-80107-253-7@dCNY4.40 | |
| 100 | @a20080527d1998 km y0chiy0120 ea | |
| 101 | 0 | @achi |
| 102 | @aCN | |
| 200 | 1 | @a御制人臣儆心录译注清@Ayu zhi ren chen jing xin lu yi zhu qing@f王永清著;修晓波译@Fwang yong qing zhu;xiu xiao bo yi |
| 210 | @a北京@c中国方正出版社@d1998.08 | |
| 215 | @a60页@d20cm | |
| 606 | 0 | @a政治@x中国 |
| 690 | @aD691.6@v4 | |
| 701 | 0 | @a王永清@Awang yong qing@4著 |
| 702 | 0 | @a修晓波@Axiu xiao bo@4译 |
| 801 | 0 | @aCN@b大连网信软件有限公司图书馆·11@c20080527 |
| 905 | @aZUCC@dD691.6@eW430 | |
| 御制人臣儆心录译注清/王永清著;修晓波译.-北京:中国方正出版社,1998.08 |
| 60页;20cm |
| ISBN 7-80107-253-7:CNY4.40 |
| ● |
| 相关链接 |
|
|
|
正题名:御制人臣儆心录译注清
索取号:D691.6/W430
 
预约/预借
| 序号 | 登录号 | 条形码 | 馆藏地/架位号 | 状态 | 备注 |
| 1 | 452197 | 204521972 | 社科库509/422社科库 26排4列5层/ [索取号:D691.6/W430] | 在馆 | |
| 2 | 452198 | 204521981 | 社科库509/422社科库 26排4列6层/ [索取号:D691.6/W430] | 在馆 |